Modificaciones en el impuesto sobre los bienes personales (Registro nro. 14028)

Detalles MARC
000 -LEADER
fixed length control field 00343 a2200109 4500
001 - CONTROL NUMBER
control field ART_49520
005 - DATE AND TIME OF LATEST TRANSACTION
control field 20260410161649.0
008 - FIXED-LENGTH DATA ELEMENTS--GENERAL INFORMATION
fixed length control field 260409a
100 1# - MAIN ENTRY--PERSONAL NAME
Personal name Bechara, Fabián
245 10 - TITLE STATEMENT
Title Modificaciones en el impuesto sobre los bienes personales
773 0# - HOST ITEM ENTRY
Title Consultor tributario
Related parts - Año 13, N° 150 (ago. 2019)
Record control number REV474

No hay ítems disponibles.